| 000 | 00527 a2200181 4500 | ||
|---|---|---|---|
| 001 | 066439 | ||
| 003 | OSt | ||
| 005 | 20210928123737.0 | ||
| 008 | |||
| 082 |
_a333.79 _bH19H |
||
| 245 | 1 |
_aHandbook on energy audit and environment management _cedited by Y.P. Abbi and Shashak Jain |
|
| 260 |
_aNew Delhi _bTerri Press _c2009 |
||
| 300 | _a284p. | ||
| 690 | _aEnergy auditing; Energy conservation; India | ||
| 700 |
_aAbbi, Y.P. _eEditor |
||
| 700 |
_aJain, Shashak _eEditor |
||
| 942 |
_2ddc _cBK |
||
| 999 |
_c494 _d494 |
||